header

The art of critical reading : (Record no. 250427)

MARC details
000 -LEADER
fixed length control field 01414cam a22003494a 4500
001 - CONTROL NUMBER
control field 15260621
003 - CONTROL NUMBER IDENTIFIER
control field OSt
005 - DATE AND TIME OF LATEST TRANSACTION
control field 20151013094711.0
008 - FIXED-LENGTH DATA ELEMENTS--GENERAL INFORMATION
fixed length control field 080414s2009 nyua b 001 0 eng
010 ## - LIBRARY OF CONGRESS CONTROL NUMBER
LC control number 2008017006
020 ## - INTERNATIONAL STANDARD BOOK NUMBER
International Standard Book Number 9780073385693 (alk. paper)
International Standard Book Number 0073385697 (alk. paper)
040 ## - CATALOGING SOURCE
Original cataloging agency DLC
Transcribing agency DLC
Modifying agency DLC
050 00 - LIBRARY OF CONGRESS CALL NUMBER
Classification number LB2395.3
Item number .M27 2009
082 00 - DEWEY DECIMAL CLASSIFICATION NUMBER
Classification number 428.4071/1
Edition number 22
100 1# - MAIN ENTRY--PERSONAL NAME
Personal name Mather, Peter.
245 14 - TITLE STATEMENT
Title The art of critical reading :
Remainder of title brushing up on your reading, thinking, and study skills /
Statement of responsibility, etc Peter Mather, Rita McCarthy.
250 ## - EDITION STATEMENT
Edition statement 2nd ed.
260 ## - PUBLICATION, DISTRIBUTION, ETC. (IMPRINT)
Place of publication, distribution, etc New York, NY :
Name of publisher, distributor, etc McGraw-Hill,
Date of publication, distribution, etc c2009.
300 ## - PHYSICAL DESCRIPTION
Extent xxix, 591, [15] p. :
Other physical details ill. (some col.) ;
Dimensions 28 cm.
504 ## - BIBLIOGRAPHY, ETC. NOTE
Bibliography, etc Includes bibliographical references and indexes.
650 #0 - SUBJECT ADDED ENTRY--TOPICAL TERM
Topical term or geographic name as entry element Reading (Higher education)
Topical term or geographic name as entry element Critical thinking.
Topical term or geographic name as entry element Study skills.
700 1# - ADDED ENTRY--PERSONAL NAME
Personal name McCarthy, Rita.
856 42 - ELECTRONIC LOCATION AND ACCESS
Materials specified Contributor biographical information
Uniform Resource Identifier <a href="http://www.loc.gov/catdir/enhancements/fy0834/2008017006-b.html">http://www.loc.gov/catdir/enhancements/fy0834/2008017006-b.html</a>
Materials specified Publisher description
Uniform Resource Identifier <a href="http://www.loc.gov/catdir/enhancements/fy0834/2008017006-d.html">http://www.loc.gov/catdir/enhancements/fy0834/2008017006-d.html</a>
Materials specified Table of contents only
Uniform Resource Identifier <a href="http://www.loc.gov/catdir/enhancements/fy0834/2008017006-t.html">http://www.loc.gov/catdir/enhancements/fy0834/2008017006-t.html</a>
906 ## - LOCAL DATA ELEMENT F, LDF (RLIN)
a 7
b cbc
c orignew
d 1
e ecip
f 20
g y-gencatlg
942 ## - ADDED ENTRY ELEMENTS (KOHA)
Source of classification or shelving scheme Library of Congress Classification
Koha item type Long Loan Books
Holdings
Withdrawn status Lost status Source of classification or shelving scheme Damaged status Not for loan Collection code Home library Current library Shelving location Date acquired Total Checkouts Full call number Barcode Date last seen Price effective from Koha item type
    Library of Congress Classification     Non-fiction Rongo University Library Rongo University Library General Stacks 13/10/2015   LB2395.3 .M27 2009 20154646 13/10/2015 13/10/2015 Long Loan Books

© 2026 Rongo University
Contact us: librarian | system librarian | Rongo university